Archaeoastronomy in the Roman World

This book explores the insights that Cultural Astronomy provides into the classical Roman world by unveiling the ways in which the Romans made use of their knowledge concerning the heavens, and by shedding new light on the interactions between astronomy and heritage in ancient Roman culture. Leading...

Full description

Bibliographic Details
Corporate Author: SpringerLink (Online service)
Other Authors: Magli, Giulio (Editor, http://id.loc.gov/vocabulary/relators/edt), González-García, Antonio César (Editor, http://id.loc.gov/vocabulary/relators/edt), Belmonte Aviles, Juan (Editor, http://id.loc.gov/vocabulary/relators/edt), Antonello, Elio (Editor, http://id.loc.gov/vocabulary/relators/edt)
Format: Electronic eBook
Language:English
Published: Cham : Springer International Publishing : Imprint: Springer, 2019.
Edition:1st ed. 2019.
Series:Historical & Cultural Astronomy,
Subjects:
Online Access:Full Text via HEAL-Link
LEADER 05965nam a2200601 4500
001 978-3-319-97007-3
003 DE-He213
005 20191022071017.0
007 cr nn 008mamaa
008 190327s2019 gw | s |||| 0|eng d
020 |a 9783319970073  |9 978-3-319-97007-3 
024 7 |a 10.1007/978-3-319-97007-3  |2 doi 
040 |d GrThAP 
050 4 |a QB1-991 
050 4 |a QB460-466 
072 7 |a PG  |2 bicssc 
072 7 |a SCI004000  |2 bisacsh 
072 7 |a PGC  |2 thema 
082 0 4 |a 520  |2 23 
245 1 0 |a Archaeoastronomy in the Roman World  |h [electronic resource] /  |c edited by Giulio Magli, Antonio César González-García, Juan Belmonte Aviles, Elio Antonello. 
250 |a 1st ed. 2019. 
264 1 |a Cham :  |b Springer International Publishing :  |b Imprint: Springer,  |c 2019. 
300 |a XXX, 205 p. 71 illus., 41 illus. in color.  |b online resource. 
336 |a text  |b txt  |2 rdacontent 
337 |a computer  |b c  |2 rdamedia 
338 |a online resource  |b cr  |2 rdacarrier 
347 |a text file  |b PDF  |2 rda 
490 1 |a Historical & Cultural Astronomy,  |x 2509-310X 
505 0 |a Pernigotti: Contribution to the study of the orientation of Etruscan temples -- Bagnasco, Pernigotti: Materials for the study of an Etruscan cosmology: the case of the Tumulus of the Broomsat Cerveteri -- DeSantis: Orientation and planning of Roman Albingaunum (Albenga) -- Hatz: How Roman is the layout of the colonial town of Augusta Raurica? -- Gonzalez-Garcia, Rodriguez-Anton, Espinosa, Quintela, Belmonte: Establishing a New Order: Current Status on the Orientation of the Roman Towns Founded under Augustus -- Rodriguez-Anton, Gonzalez-Garcia, Belmonte: The varatio and its possible use in the Roman urban planning to obtain astronomical orientations -- Rosada: Ut ad orientem spectet -- Polcaro, Scuderi, Burgio: The socalled Neo-Pythagorean Basilica of Porta Maggiore in Rome: the most mysterious Roman monument -- Magli: The temple of Jupiter at Baalbek: astronomical and architectural analysis -- Belmonte, Gonzalez-Garcia, Rodriguez-Anton: Arabia Adquisita: the Romanization of the Nabataean cultic calendar and the Tannur "Zodiac" paradigm -- DeFranceschini, Veneziano: The symbolic use of light in hadrianic architecture and the "kiss of the sun" -- Rossi, Magli: Wind, Sand and Water: the Orientation of the Late Roman Forts in the Kharga Oasis (Egyptian Western Desert) -- Carnevale, Monaco: The Mausoleum of Santa Costanza in Rome: a survey of the light phenomenathrough the centuries -- Incerti, Lavorati, Iurilli: relief, geometry, archaeoastronomy of the "Mausoleo di Teodorico" (Ravenna) -- Spinazzé: Baptistery and font: an interpretation of the medieval baptistery's orientation in Friuli (Northeast Italy) -- Frischer: Simpiricism comes to archaeoastronomy. The use of interactive 3d interfaces for exploratory research of astronomical of ancient Roman buildings -- Hannah: The choreography of time in ancient and medieval buildings -- Papamarinopoulos, Preka-Papadema, Gazeas, Nastos, Kiriakopoulos: Red droplets and Red clouds described in Iliad -- Zotti, Schaukowitsch, Wimmer: Virtual Archaeoastronomy: The State of Stellarium for Research and Outreach. 
520 |a This book explores the insights that Cultural Astronomy provides into the classical Roman world by unveiling the ways in which the Romans made use of their knowledge concerning the heavens, and by shedding new light on the interactions between astronomy and heritage in ancient Roman culture. Leading experts in the field present fascinating information on how and why the Romans referred to the sky when deciding upon the orientation of particular monuments, temples, tombs and even urban layouts. Attention is also devoted to questions of broader interest, such as the contribution that religious interpretation of the sky made in the assimilation of conquered peoples. When one considers astronomy in the Roman world it is customary to think of the work and models of Ptolemy, and perhaps the Julian calendar or even the sighting of the Star of Bethlehem. However, like many other peoples in antiquity, the Romans interacted with the heavens in deeper ways that exerted a profound influence on their culture. This book highlights the need to take this complexity into account in various areas of research and will appeal to all those who wish to learn more about the application of astronomy in the lives and architecture of the Romans. 
650 0 |a Astronomy. 
650 0 |a Astrophysics. 
650 0 |a Philology. 
650 0 |a Cultural heritage. 
650 0 |a Urban geography. 
650 0 |a Archaeology. 
650 1 4 |a Astronomy, Astrophysics and Cosmology.  |0 http://scigraph.springernature.com/things/product-market-codes/P22006 
650 2 4 |a Classical Studies.  |0 http://scigraph.springernature.com/things/product-market-codes/728000 
650 2 4 |a Cultural Heritage.  |0 http://scigraph.springernature.com/things/product-market-codes/419000 
650 2 4 |a Urban Geography / Urbanism (inc. megacities, cities, towns).  |0 http://scigraph.springernature.com/things/product-market-codes/J15010 
650 2 4 |a Archaeology.  |0 http://scigraph.springernature.com/things/product-market-codes/X13000 
700 1 |a Magli, Giulio.  |e editor.  |4 edt  |4 http://id.loc.gov/vocabulary/relators/edt 
700 1 |a González-García, Antonio César.  |e editor.  |4 edt  |4 http://id.loc.gov/vocabulary/relators/edt 
700 1 |a Belmonte Aviles, Juan.  |e editor.  |4 edt  |4 http://id.loc.gov/vocabulary/relators/edt 
700 1 |a Antonello, Elio.  |e editor.  |4 edt  |4 http://id.loc.gov/vocabulary/relators/edt 
710 2 |a SpringerLink (Online service) 
773 0 |t Springer eBooks 
776 0 8 |i Printed edition:  |z 9783319970066 
776 0 8 |i Printed edition:  |z 9783319970080 
830 0 |a Historical & Cultural Astronomy,  |x 2509-310X 
856 4 0 |u https://doi.org/10.1007/978-3-319-97007-3  |z Full Text via HEAL-Link 
912 |a ZDB-2-PHA 
950 |a Physics and Astronomy (Springer-11651)